English phrasal verbs in use: Intermediate. 70 units of vocabulary reference and practice. Self-study and classroom use
Na minha lista:
| Principais autores: | , |
|---|---|
| Formato: | Livro |
| Idioma: | inglês |
| Publicado em: |
Cambridge
Cambridge University Press
2004
|
| Edição: | 1a. ed |
| Assuntos: | |
| Tags: |
Adicionar Tag
Sem tags, seja o primeiro a adicionar uma tag!
|
MARC
| LEADER | 00000cam a2200000 a 4500 | ||
|---|---|---|---|
| 001 | UCF9207 | ||
| 003 | CL-VaPUC | ||
| 008 | 131025e20040000uk |||||||||||||||||eng|d | ||
| 020 | |a 9780521527279 | ||
| 082 | 0 | 4 | |a 428.824 |b MCC |2 21 |
| 100 | |a McCarthy, Michael |e autor |9 599142 | ||
| 700 | |a Oï Dell, Felicity |e author |9 521685 | ||
| 245 | 1 | 0 | |a English phrasal verbs in use: Intermediate. 70 units of vocabulary reference and practice. Self-study and classroom use |
| 250 | |a 1a. ed | ||
| 300 | |a 206 p | ||
| 942 | |c BK | ||
| 945 | |d 20131025 12:28:00 |a dcastane | ||
| 260 | |a Cambridge |b Cambridge University Press |c 2004 | ||
| 650 | 0 | |a Enseñanza del inglés |9 367340 | |
| 650 | 0 | |a Métodos de enseñanza |9 270413 | |
| 650 | 0 | |a Verbos |9 310738 | |
| 650 | 0 | |a Lengua inglesa |9 318842 | |
| 583 | |a last modification |c 20131025 12:28:00 |k Rodrigo Vera | ||
| 999 | |c 353681 |d 353679 | ||
| 952 | |0 0 |1 0 |3 erb |4 0 |6 428_824000000000000_MCC_2004 |7 0 |8 A |9 459040 |a BIBEDU |b BIBEDU |d 2019-11-23 |i 5023963 |l 1 |o 428.824 MCC 2004 |p 5023963 |r 2023-10-25 |s 2023-10-18 |w 2019-11-23 |y BK |z Catalogado en:20131025 |k LIT | ||
| 952 | |0 0 |1 0 |3 erb |4 0 |6 428_824000000000000_MCC_2004 |7 0 |8 A |9 459041 |a BIBEDU |b BIBEDU |d 2019-11-23 |i 5023971 |o 428.824 MCC 2004 |p 5023971 |r 2019-11-23 |w 2019-11-23 |y BK |z Catalogado en:20131025 |k LIT | ||